| 000 | 00676nam a2200217Ii 4500 | ||
|---|---|---|---|
| 001 | 22965 | ||
| 003 | CO-ViMGA | ||
| 008 | 241108s9999||||xx |||||||||||||| ||und|| | ||
| 020 | _a9789585259713 | ||
| 040 |
_aCO-ViMGA _bspa _erda _cCO-ViMGA |
||
| 041 | 0 | _aspa | |
| 082 | 0 | 4 | _a372.634 S15a |
| 100 | 1 |
_aSandoval Camacho, Santiago _952011 |
|
| 245 | 1 | 0 |
_aAbiocedario del Meta : _bpara aprender a escribir y conectarse con la naturaleza |
| 264 | 1 | _aBogotá, Colombia : Cormacarena, 2021 | |
| 300 | _avolumen | ||
| 336 |
_atext _btxt _2rdacontent |
||
| 337 |
_aunmediated _bn _2rdamedia |
||
| 338 |
_avolume _bnc _2rdacarrier |
||
| 940 | _aidficha_siabuc: 21653. -- ficha_no_siabuc:22965 | ||
| 999 |
_c46777 _d46777 |
||